00787nam a2200193 a 450000100100000000500170001000800410002704000250006808200160009310000260010924500380013525000570017326000350023030000210026549000480028683000550033495201870038999900170057600003527520200930074225.0111027s19uu sp 000 0 spa d aDO-SdBNPbspacBNPHU axxxxbR393v1 aRenan, Ernesto95121810aVida de Jesús /cErnesto Renan. a6a ed. con notas, esmerademente revisada y corregida aBarcelona :bMaucci,c[19--?]. a317 p. ;c19 cm.1 aHistoria de los orígenes del cristianismo 0aHistoria de los orígenes del cristianismo961039 001050718MOaGRbGRcCTd2011-10-27iLF1l0oxxxx R393vp35275-10r2020-06-25w2020-06-25y1zPerteneció a la biblioteca personal de Juan Isidro Jimenes- GrullónZNo se presta c34766d34766